000 00658nam a2200241Ia 4500
005 20260430150711.0
008 008 250103s9999 xx 000 0 eng d
037 _aTheses
040 _aCRL
040 _beng
040 _ceng
041 _2eng
041 _aeng
084 _qCRL
100 _aRahul Au.; Rawat Diwan S. Gu.; Mahendra Nath Gu.
_91238250
245 0 _aAlkyne Functionalization for the Construction of Biologically Relevant Motifs
260 _c2024
300 _a220p.
650 _aChemistry
700 _aUniversity of Delhi. Faculty of Science. Deptt. of Chemistry
_91236464
942 _cTH
999 _c1850421
_d1850421